<?xml version="1.0" encoding="UTF-8"?>
<marc:record xmlns:marc="http://www.loc.gov/MARC21/slim">
   <marc:leader>00000nam a2200000 a 4500</marc:leader>
   <marc:datafield ind1="1" ind2=" " tag="100">
      <marc:subfield code="a">Mayer-Skumanz, Lene</marc:subfield>
      <marc:subfield code="4">aut</marc:subfield>
      <marc:subfield code="e">Verfasser/-in</marc:subfield>
   </marc:datafield>
   <marc:datafield ind1="1" ind2=" " tag="100">
      <marc:subfield code="a">Singer, Elisabeth</marc:subfield>
   </marc:datafield>
   <marc:datafield ind1=" " ind2=" " tag="653">
      <marc:subfield code="a">Bibel</marc:subfield>
   </marc:datafield>
   <marc:datafield ind1=" " ind2=" " tag="653">
      <marc:subfield code="a">Neues Testament</marc:subfield>
   </marc:datafield>
   <marc:datafield ind1=" " ind2=" " tag="653">
      <marc:subfield code="a">Maria Magdalena</marc:subfield>
   </marc:datafield>
   <marc:datafield ind1=" " ind2=" " tag="653">
      <marc:subfield code="a">Jesus von Nazareth</marc:subfield>
   </marc:datafield>
   <marc:datafield ind1="0" ind2="0" tag="245">
      <marc:subfield code="a">Maria Magdalena</marc:subfield>
   </marc:datafield>
   <marc:datafield ind1=" " ind2="1" tag="264">
      <marc:subfield code="a">Innsbruck</marc:subfield>
      <marc:subfield code="b">Tyrolia</marc:subfield>
      <marc:subfield code="c">1995</marc:subfield>
   </marc:datafield>
   <marc:datafield ind1="1" ind2=" " tag="520">
      <marc:subfield code="a">Die Lebensgeschichte Jesu aus der Sicht der ihn begleitenden Maria von Magdala. (ab 9)&lt;br/&gt;&lt;br/&gt;#B31&lt;br/&gt;Mit Maria Magdalena entwirft Lene Mayer-Skumanz, Trägerin des Österreichischen Würdigungspreises für Kinder- und Jugendliteratur 1995, eine Frau, die dann beginnt zuzuhören, wenn andere sich mit dem bereits Gesagten zufriedengeben, die dann zu sprechen beginnt, wenn Jesus selbst die Kraft dazu fehlt. Die besonders enge Verbindung zwischen Jesus und Maria Magdalena wird mit Sanftmut und ohne falsche Scham beschrieben, und sogar noch bevor der Sohn Gottes eingeht ins Reich seines Vaters, kommt es einer Begegnung. Diese Geradlinigkeit spiegelt sich in der Sprache, die gefühlvoll benennt, ohne zu verschleiern, aber auch ohne religiöse Geheimnisse zu zerstören. Zitate und frei nachempfundene Passagen aus dem Neuen Testament werden mit Psalmen verwoben, sodaß biblische Authenzität mit der Vorstellung weiblicher Anteilnahme am Lebens- und Leidensweg Jesu wie selbstverständlich in Einklang gebracht wird. Leider war es dem Verlag kein Anliegen, dem Text eine adäquate Illustration zur Seite zu stellen, sodaß die Intensität des literarischen Anliegens in Bildern aufgelöst wird, die vor eben jener Nähe zwischen Maria Magdalena und Jesu zurückschrecken. - Allen Beständen zu empfehlen ab 9 Jahren. </marc:subfield>
   </marc:datafield>
   <marc:datafield ind1=" " ind2=" " tag="020">
      <marc:subfield code="a">9783702219710</marc:subfield>
      <marc:subfield code="9">9783702219710</marc:subfield>
   </marc:datafield>
   <marc:datafield ind1=" " ind2=" " tag="041">
      <marc:subfield code="a">ger</marc:subfield>
   </marc:datafield>
   <marc:datafield ind1=" " ind2=" " tag="300">
      <marc:subfield code="b">Zahlreiche Illustrationen.</marc:subfield>
   </marc:datafield>
   <marc:datafield ind1="1" ind2=" " tag="521">
      <marc:subfield code="a">0</marc:subfield>
   </marc:datafield>
   <marc:datafield ind1=" " ind2=" " tag="300">
      <marc:subfield code="a">38 S.</marc:subfield>
   </marc:datafield>
</marc:record>
